=LDR 00000nam 2200000 4500 =001 INLIS000000000040195 =005 20130612145754 =008 ***********************************ind** =035 ##$$0010-061300000040195 =041 ##$$a ind =082 ##$$a 813 =090 ##$$a 813, Zal c =100 ##$$a Zalea, Alia =245 ##$$a Celebrity wedding/ Alia Zalea =260 ##$$a 2011 $b Jakarta =300 ##$$a 327 hlm., 20 cm =650 ##$$a Fiksi =850 ##$$a NBPNMAT